[Event "SWE-chT 1920 Superettan"]
[Site "Sweden"]
[Date "2020.10.16"]
[Round "7"]
[White "Bryntze, Stefan"]
[Black "Ottenklev, Niclas"]
[Result "1/2-1/2"]
[WhiteElo "2180"]
[BlackElo "2193"]
[PlyCount "82"]
[EventDate "2019.10.18"]
[EventType "team-tourn"]
[EventRounds "9"]
[EventCountry "SWE"]
[SourceTitle "EXT 2023"]
[Source "ChessBase"]
[SourceDate "2022.10.05"]
[SourceVersion "1"]
[SourceVersionDate "2022.10.05"]
[SourceQuality "1"]
[WhiteTeam "Stockholm Rockaden II"]
[BlackTeam "Norrkoping Schack 08"]
[WhiteTeamCountry "SWE"]
[BlackTeamCountry "SWE"]

1. f4 g6 2. Nf3 Bg7 3. e3 Nf6 4. b3 0-0 5. Bb2 b6 6. Be2 Bb7 7. 0-0 c5 8. Qe1 e6 9. a4 Nc6 10. Na3 d5 11. Rd1 Qe7 12. Bb5 Ne4 13. Bxg7 Kxg7 14. d3 Nd6 15. Bxc6 Bxc6 16. Ne5 Bb7 17. Nb5 f6 18. Nxd6 Qxd6 19. Nf3 Rad8 20. Qg3 d4 21. e4 f5 22. Rde1 fxe4 23. Ng5 h6 24. Nxe4 Bxe4 25. Rxe4 Rf6 26. Rfe1 Rdf8 27. Qg4 Rxf4 28. Rxe6 Rxg4 29. Rxd6 Rgf4 30. g3 R4f6 31. Rxf6 Rxf6 32. Re8 a5 33. Kg2 g5 34. Rb8 Kg6 35. g4 Re6 36. Kf2 Kg7 37. Rb7+ Kg6 38. h3 Kf6 39. Rb8 Kg7 40. Rb7+ Kf6 41. Rb8 Kg7 1/2-1/2

[Event "SWE-chT 1819 Superettan"]
[Site "Sweden"]
[Date "2019.02.02"]
[Round "5"]
[White "Krupenski, Juri"]
[Black "Bryntze, Stefan"]
[Result "1-0"]
[WhiteElo "2418"]
[BlackElo "2211"]
[PlyCount "111"]
[EventDate "2018.11.09"]
[EventType "team-tourn"]
[EventRounds "9"]
[EventCountry "SWE"]
[SourceTitle "EXT 2020"]
[Source "ChessBase"]
[SourceDate "2019.10.17"]
[SourceVersion "1"]
[SourceVersionDate "2019.10.17"]
[SourceQuality "1"]
[WhiteTeam "Burgsvik Alva"]
[BlackTeam "Stockholm Rockaden II"]
[WhiteTeamCountry "SWE"]
[BlackTeamCountry "SWE"]

1. d4 e6 2. c4 b6 3. a3 Bb7 4. Nc3 f5 5. d5 Nf6 6. g3 Be7 7. Bg2 0-0 8. Nh3 e5 9. 0-0 d6 10. Ng5 Bc8 11. b4 a5 12. Rb1 axb4 13. axb4 Na6 14. Ne6 Bxe6 15. dxe6 e4 16. f3 d5 17. Nxd5 Nxd5 18. cxd5 exf3 19. Bxf3 Nxb4 20. d6 Qxd6 21. Qxd6 Bxd6 22. Bxa8 Rxa8 23. Rxf5 Re8 24. Bf4 Bc5+ 25. Kh1 c6 26. Ra1 h6 27. Be5 Rxe6 28. h4 Nd5 29. Ra8+ Kh7 30. Ba1 Rxe2 31. Rf7 Kg6 32. Rxg7+ Kf5 33. Ra4 b5 34. g4+ Ke6 35. Ra8 Re1+ 36. Kg2 Nf4+ 37. Kf3 Rf1+ 38. Ke4 Nd5 39. Re8+ Be7 40. Bd4 Kd6 41. Be5+ Ke6 42. Bd4 Kd6 43. Rg6+ Kd7 44. Ra8 Rf4+ 45. Ke5 Bf6+ 46. Rxf6 Rxf6 47. Ra7+ Ke8 48. g5 hxg5 49. hxg5 Rf1 50. g6 Kf8 51. Kd6 Kg8 52. Rg7+ Kf8 53. Rh7 Nf6 54. Rf7+ Kg8 55. Rxf6 Rd1 56. Rf4 1-0

[Event "SWE Cup"]
[Site "Sweden"]
[Date "2017.03.05"]
[Round "5.4"]
[White "Sjodahl, Pontus"]
[Black "Bryntze, Stefan"]
[Result "0-1"]
[WhiteElo "2420"]
[BlackElo "2141"]
[PlyCount "56"]
[EventDate "2017.01.14"]
[EventType "team-tourn"]
[EventRounds "9"]
[EventCountry "SWE"]
[SourceTitle "EXT 2018"]
[Source "ChessBase"]
[SourceDate "2017.10.13"]
[SourceVersion "1"]
[SourceVersionDate "2017.10.13"]
[SourceQuality "1"]
[WhiteTeam "Vasteras"]
[BlackTeam "Stockholm Rockaden II"]
[WhiteTeamCountry "SWE"]
[BlackTeamCountry "SWE"]

1. d4 e6 2. c4 b6 3. e4 Bb7 4. Bd3 Bb4+ 5. Kf1 Be7 6. Nc3 d6 7. Nf3 Nd7 8. g3 Ngf6 9. Kg2 0-0 10. Re1 c5 11. d5 Ng4 12. Ng1 Nge5 13. Be2 f5 14. f4 exd5 15. Nxd5 Nc6 16. exf5 Kh8 17. Bf3 Bf6 18. Ne3 Qc7 19. Bd5 Rae8 20. Nf3 Nd4 21. Bd2 b5 22. Ba5 Qb8 23. Qd3 bxc4 24. Qxc4 Bxd5 25. Qxd5 Qxb2+ 26. Nd2 Rxe3 27. Rxe3 Qxa1 28. Qxd6 Nxf5 0-1

[Event "SWE-chT 1516 Superettan"]
[Site "Sweden"]
[Date "2016.01.17"]
[Round "6"]
[White "Bryntze, Stefan"]
[Black "Petrov, Marian"]
[Result "0-1"]
[WhiteElo "2166"]
[BlackElo "2478"]
[PlyCount "76"]
[EventDate "2015.11.06"]
[EventType "team-tourn"]
[EventRounds "9"]
[EventCountry "SWE"]
[SourceTitle "EXT 2018"]
[Source "ChessBase"]
[SourceDate "2017.10.13"]
[SourceVersion "1"]
[SourceVersionDate "2017.10.13"]
[SourceQuality "1"]
[WhiteTeam "Stockholm Rockaden II"]
[BlackTeam "Umea Rockaden"]
[WhiteTeamCountry "SWE"]
[BlackTeamCountry "SWE"]

1. b3 e5 2. Bb2 Nc6 3. e3 Nf6 4. Bb5 Bd6 5. Ne2 a6 6. Bxc6 dxc6 7. Ng3 0-0 8. Nc3 Nd5 9. Qe2 f5 10. 0-0-0 Qe7 11. Kb1 a5 12. f4 a4 13. Nxd5 cxd5 14. Qd3 c6 15. fxe5 Bxe5 16. Bxe5 Qxe5 17. Qd4 Qxd4 18. exd4 f4 19. Ne2 axb3 20. axb3 Bg4 21. Rde1 Bxe2 22. Rxe2 Rae8 23. Rhe1 Rxe2 24. Rxe2 g5 25. h3 Kf7 26. Kc1 Re8 27. Kd1 Rxe2 28. Kxe2 Kf6 29. d3 Kf5 30. Kf3 h5 31. g4+ fxg3 32. Kxg3 b6 33. c3 b5 34. b4 Kf6 35. Kf3 Ke6 36. Kf2 h4 37. Kg2 Kf5 38. Kf3 g4+ 0-1

[Event "SWE-chT 1415 Superettan"]
[Site "Sweden"]
[Date "2015.03.21"]
[Round "8"]
[White "Bryntze, Stefan"]
[Black "Drugge, Patrick"]
[Result "1-0"]
[WhiteElo "2192"]
[BlackElo "2175"]
[PlyCount "51"]
[EventDate "2014.11.21"]
[EventType "team-tourn"]
[EventRounds "9"]
[EventCountry "SWE"]
[SourceTitle "EXT 2018"]
[Source "ChessBase"]
[SourceDate "2017.10.13"]
[SourceVersion "1"]
[SourceVersionDate "2017.10.13"]
[SourceQuality "1"]
[WhiteTeam "Stockholm Rockaden II"]
[BlackTeam "Orebro"]
[WhiteTeamCountry "SWE"]
[BlackTeamCountry "SWE"]

1. b3 e5 2. Bb2 Nc6 3. e3 g6 4. Bb5 Bg7 5. Ne2 a6 6. Bxc6 dxc6 7. Ng3 Nh6 8. Qe2 0-0 9. Nc3 Re8 10. h4 f5 11. 0-0-0 b5 12. Kb1 a5 13. d4 exd4 14. Qf3 Qd6 15. Nxb5 Qe7 16. Nxd4 Bb7 17. h5 a4 18. hxg6 hxg6 19. Rxh6 Bxh6 20. Ndxf5 gxf5 21. Nxf5 Qg5 22. Rh1 Re6 23. Rh5 a3 24. Nxh6+ Qxh6 25. Rxh6 Rxh6 26. Qg3+ 1-0

[Event "SWE-chT 1415 Superettan"]
[Site "Sweden"]
[Date "2015.03.20"]
[Round "7"]
[White "Renman, Nils Gustaf"]
[Black "Bryntze, Stefan"]
[Result "1-0"]
[WhiteElo "2334"]
[BlackElo "2192"]
[PlyCount "69"]
[EventDate "2014.11.21"]
[EventType "team-tourn"]
[EventRounds "9"]
[EventCountry "SWE"]
[SourceTitle "EXT 2018"]
[Source "ChessBase"]
[SourceDate "2017.10.13"]
[SourceVersion "1"]
[SourceVersionDate "2017.10.13"]
[SourceQuality "1"]
[WhiteTeam "Norrkoping Schack 08"]
[BlackTeam "Stockholm Rockaden II"]
[WhiteTeamCountry "SWE"]
[BlackTeamCountry "SWE"]

1. d4 e6 2. c4 f5 3. g3 Nf6 4. Bg2 Bb4+ 5. Bd2 Qe7 6. a3 Bxd2+ 7. Qxd2 0-0 8. Nc3 d6 9. Nf3 c6 10. 0-0 e5 11. dxe5 dxe5 12. e4 f4 13. gxf4 exf4 14. e5 Ng4 15. Rfe1 Be6 16. b3 Na6 17. Qd6 Rfe8 18. Rad1 Qf7 19. Ne4 Qh5 20. Qd2 Rf8 21. Nd6 Nc5 22. Qc3 b6 23. b4 Nd7 24. Rd3 a5 25. h3 Nh6 26. Nd4 axb4 27. axb4 Bf5 28. N4xf5 Nxf5 29. Bxc6 Nh4 30. Kh1 Ra7 31. e6 Nf6 32. e7 Rb8 33. Nc8 Nf3 34. Rd8+ Kf7 35. e8Q+ 1-0

[Event "SWE Cup"]
[Site "Linkoping"]
[Date "2014.09.07"]
[Round "7.8"]
[White "Bryntze, Stefan"]
[Black "Arvidsson, Tomas"]
[Result "1-0"]
[WhiteElo "2192"]
[BlackElo "1992"]
[PlyCount "53"]
[EventDate "2014.09.05"]
[EventType "team-tourn"]
[EventRounds "7"]
[EventCountry "SWE"]
[SourceTitle "CBM 162 Extra"]
[Source "ChessBase"]
[SourceDate "2014.10.17"]
[SourceVersion "1"]
[SourceVersionDate "2014.10.17"]
[SourceQuality "1"]
[WhiteTeam "Stockholm Rockaden"]
[BlackTeam "Norrkoping Schack 08"]
[WhiteTeamCountry "SWE"]
[BlackTeamCountry "SWE"]

1. f4 g6 2. e3 Bg7 3. Nf3 f5 4. Nc3 Nf6 5. b3 0-0 6. Bb2 e6 7. Be2 d6 8. 0-0 c5 9. Qe1 Ne8 10. Qg3 Nc6 11. Nd1 Qe7 12. Ng5 Nb4 13. a3 Nd5 14. Rb1 Ndf6 15. Nf2 h6 16. Nf3 Qf7 17. b4 cxb4 18. axb4 Bd7 19. c4 b6 20. c5 Nh5 21. Qh3 e5 22. fxe5 dxc5 23. bxc5 bxc5 24. Ba3 f4 25. Ng4 fxe3 26. Bxc5 exd2 27. Nxd2 1-0

[Event "Stockholm"]
[Site "Stockholm"]
[Date "2014.08.09"]
[Round "8"]
[White "Ranby, Hans"]
[Black "Bryntze, Stefan"]
[Result "0-1"]
[WhiteElo "1917"]
[BlackElo "2231"]
[PlyCount "110"]
[EventDate "2014.08.02"]
[EventType "tourn"]
[EventRounds "9"]
[EventCountry "SWE"]
[SourceTitle "EXT 2016"]
[Source "ChessBase"]
[SourceDate "2015.10.08"]
[SourceVersion "1"]
[SourceVersionDate "2015.10.08"]
[SourceQuality "1"]

1. g3 f5 2. Bg2 e6 3. c4 Nf6 4. Nc3 Bb4 5. d3 0-0 6. Bd2 d6 7. Nh3 c6 8. 0-0 Qe7 9. f4 Ng4 10. e4 e5 11. Qe2 Na6 12. Rae1 Nc5 13. fxe5 Qxe5 14. a3 Qd4+ 15. Kh1 Bxc3 16. Bxc3 Qxd3 17. exf5 Bxf5 18. Qxd3 Bxd3 19. Rxf8+ Kxf8 20. Bf1 Bf5 21. Be2 Re8 22. Rf1 Ne3 23. Rf4 Kg8 24. g4 Bd3 25. Bxd3 Nxd3 26. Rd4 Ne5 27. b3 N5xg4 28. Rxd6 Rf8 29. Rd2 Rf1+ 30. Ng1 Rf2 31. h3 Rxd2 32. Bxd2 Nf2+ 33. Kh2 Nf1+ 34. Kg2 Nxd2 35. Kxf2 Nxb3 36. Ke3 Kf7 37. Nf3 Kf6 38. Ke4 g5 39. Ne1 h5 40. Nc2 Nc5+ 41. Kd4 Ne6+ 42. Ke4 Nf4 43. h4 Ng2 44. hxg5+ Kxg5 45. Kf3 Nh4+ 46. Ke4 Nf5 47. Kf3 h4 48. Ne1 h3 49. Nd3 Kh4 50. Kf4 h2 51. Nf2 Nd6 52. c5 Nc4 53. a4 Nb2 54. Ke4 Kg3 55. Nh1+ Kg2 0-1

[Event "Stockholm"]
[Site "Stockholm"]
[Date "2014.08.08"]
[Round "7"]
[White "Bryntze, Stefan"]
[Black "Ask, Josef"]
[Result "0-1"]
[WhiteElo "2231"]
[BlackElo "2165"]
[PlyCount "78"]
[EventDate "2014.08.02"]
[EventType "tourn"]
[EventRounds "9"]
[EventCountry "SWE"]
[SourceTitle "EXT 2016"]
[Source "ChessBase"]
[SourceDate "2015.10.08"]
[SourceVersion "1"]
[SourceVersionDate "2015.10.08"]
[SourceQuality "1"]

1. b3 e5 2. Bb2 d6 3. e4 c5 4. Bc4 Nc6 5. Ne2 Nf6 6. Nbc3 g6 7. f4 Bg7 8. 0-0 a6 9. Qe1 0-0 10. a4 exf4 11. Nxf4 Ng4 12. Nd1 Nge5 13. Kh1 Qg5 14. Qe3 Nxc4 15. bxc4 Nd4 16. Nd5 Qh4 17. Rf4 Qd8 18. Qf2 f5 19. N1e3 g5 20. Rf3 f4 21. Nd1 Nxf3 22. Bxg7 Kxg7 23. Qxf3 g4 24. Qc3+ Kg6 25. Nb2 Be6 26. Rf1 Bxd5 27. cxd5 Qf6 28. Qb3 Rae8 29. Nc4 Rxe4 30. d3 Re2 31. d4 f3 32. gxf3 gxf3 33. Ne3 Qf4 34. Rg1+ Kh5 35. Ng4 Rg2 36. Qxb7 Rxg1+ 37. Kxg1 Qxg4+ 38. Kf1 Qg2+ 39. Ke1 Qe2# 0-1

[Event "Stockholm"]
[Site "Stockholm"]
[Date "2014.08.06"]
[Round "5"]
[White "Bryntze, Stefan"]
[Black "Aroven, Mikael"]
[Result "1-0"]
[WhiteElo "2231"]
[BlackElo "2099"]
[PlyCount "113"]
[EventDate "2014.08.02"]
[EventType "tourn"]
[EventRounds "9"]
[EventCountry "SWE"]
[SourceTitle "EXT 2016"]
[Source "ChessBase"]
[SourceDate "2015.10.08"]
[SourceVersion "1"]
[SourceVersionDate "2015.10.08"]
[SourceQuality "1"]

1. b3 d5 2. Bb2 Bg4 3. h3 Bh5 4. c4 e6 5. g4 Bg6 6. Bg2 c6 7. Nf3 Nd7 8. d3 f6 9. 0-0 h5 10. cxd5 cxd5 11. e4 hxg4 12. hxg4 Bd6 13. Re1 dxe4 14. dxe4 Bb4 15. Nd4 Qa5 16. Re3 Bf7 17. a3 Be7 18. Nd2 Nh6 19. Nc4 Qg5 20. e5 Nxe5 21. Rxe5 fxe5 22. Nf3 Qxg4 23. Ncxe5 Qh5 24. Qd7+ Kf8 25. Rc1 Re8 26. Qxb7 Nf5 27. Rc4 Rh7 28. Rf4 Rd8 29. Kf1 g5 30. Rc4 Nd6 31. Qc7 Nxc4 32. Qxc4 g4 33. Nxg4 e5 34. Qa4 Be8 35. Qe4 Qg6 36. Qxg6 Bxg6 37. Nfxe5 Rd2 38. Bc3 Rc2 39. Nxg6+ Kf7 40. N4e5+ Ke8 41. Bc6+ Kd8 42. Ba5+ Kc8 43. Be4 Rc1+ 44. Kg2 Bxa3 45. b4 Rg7 46. f4 Bb2 47. Nd3 Rd1 48. Nc5 Bf6 49. Kf3 Bc3 50. Bf5+ Kb8 51. Nf8 Rf7 52. Nfd7+ Kc8 53. Bh3 Rh7 54. Be6 Rh4 55. Bc4 Rd6 56. Nf8 Rd4 57. Ba6+ 1-0

[Event "Stockholm"]
[Site "Stockholm"]
[Date "2014.08.02"]
[Round "1"]
[White "Karlsson, Lars"]
[Black "Bryntze, Stefan"]
[Result "1-0"]
[WhiteElo "2426"]
[BlackElo "2231"]
[PlyCount "57"]
[EventDate "2014.08.02"]
[EventType "tourn"]
[EventRounds "9"]
[EventCountry "SWE"]
[SourceTitle "EXT 2016"]
[Source "ChessBase"]
[SourceDate "2015.10.08"]
[SourceVersion "1"]
[SourceVersionDate "2015.10.08"]
[SourceQuality "1"]

1. b3 Nf6 2. Bb2 d6 3. Bxf6 gxf6 4. d4 Bg7 5. e3 f5 6. Nd2 Bd7 7. Qh5 c5 8. Ngf3 cxd4 9. exd4 Nc6 10. c3 Qa5 11. Rc1 0-0-0 12. Bd3 Kb8 13. 0-0 e5 14. Nc4 Qxa2 15. Nfd2 d5 16. Rc2 Qxc2 17. Bxc2 dxc4 18. d5 cxb3 19. Nxb3 Ne7 20. Qxf7 Bf8 21. Nc5 Bc8 22. Rb1 Ka8 23. Ne6 Bxe6 24. Qxe6 Rxd5 25. Bxf5 Rd8 26. Be4 Rb8 27. Qa6 h5 28. Rxb7 Rxb7 29. Qxb7# 1-0

[Event "SWE-chT 1314"]
[Site "Sweden"]
[Date "2014.01.18"]
[Round "4.4"]
[White "Johansson, Carl Fredrik"]
[Black "Bryntze, Stefan"]
[Result "0-1"]
[WhiteElo "2180"]
[BlackElo "2256"]
[PlyCount "70"]
[EventDate "2013.11.22"]
[EventType "team-tourn"]
[EventRounds "9"]
[EventCountry "SWE"]
[SourceTitle "EXT 2015"]
[Source "ChessBase"]
[SourceDate "2014.11.20"]
[SourceVersion "1"]
[SourceVersionDate "2014.11.20"]
[SourceQuality "1"]
[WhiteTeam "Upsala"]
[BlackTeam "Stockholm Rockaden"]
[WhiteTeamCountry "SWE"]
[BlackTeamCountry "SWE"]

1. d4 e6 2. c4 f5 3. Nf3 Nf6 4. g3 Bb4+ 5. Bd2 Bxd2+ 6. Qxd2 b6 7. Bg2 Bb7 8. d5 exd5 9. Nh4 Ne4 10. Qd4 0-0 11. cxd5 c5 12. dxc6 Nxc6 13. Qd5+ Kh8 14. 0-0 Qf6 15. Nc3 Nxc3 16. bxc3 Na5 17. Qxd7 Rad8 18. Qb5 Qxc3 19. Bxb7 Nxb7 20. Qa6 Qc7 21. Rac1 Nc5 22. Qc4 f4 23. g4 Qe7 24. Nf3 Rd6 25. h3 Re6 26. Rc2 Re4 27. Qd5 Rd8 28. Qh5 g6 29. Qh6 Kg8 30. Kg2 Ne6 31. Rfc1 Qb7 32. Kf1 Rxe2 33. Rxe2 Qxf3 34. Rxe6 Qh1+ 35. Ke2 f3+ 0-1

[Event "Rilton Cup 42nd"]
[Site "Stockholm"]
[Date "2013.01.01"]
[Round "5"]
[White "Bryntze, Stefan"]
[Black "Lissang, Christopher"]
[Result "1/2-1/2"]
[WhiteElo "2193"]
[BlackElo "2257"]
[PlyCount "90"]
[EventDate "2012.12.27"]
[EventType "swiss"]
[EventRounds "9"]
[EventCountry "SWE"]
[SourceTitle "CBM 152 Extra"]
[Source "ChessBase"]
[SourceDate "2013.02.25"]
[SourceVersion "1"]
[SourceVersionDate "2013.02.25"]
[SourceQuality "1"]

1. f4 d5 2. e3 g6 3. Nf3 Bg7 4. Be2 Nf6 5. b3 Ne4 6. Ne5 Nc6 7. Bb5 0-0 8. Bxc6 bxc6 9. 0-0 Bb7 10. Bb2 c5 11. Qe1 Nd6 12. Nc3 f6 13. Nd3 c4 14. Nc5 Qc8 15. Ne2 Bc6 16. h4 Be8 17. Qg3 Bf7 18. Rf3 a5 19. Nd4 Re8 20. h5 Ne4 21. Nxe4 dxe4 22. hxg6 hxg6 23. Rff1 f5 24. Bc3 c5 25. Ne2 Rd8 26. Rfd1 Ra6 27. Qg5 Qd7 28. Kf2 a4 29. Rh1 Rf6 30. Rh2 cxb3 31. axb3 axb3 32. cxb3 Bxb3 33. Rah1 Kf7 34. Rh7 Rg8 35. Bxf6 exf6 36. Qg3 Qxd2 37. R1h6 Bc4 38. Qxg6+ Ke6 39. Rxg7 Qxe2+ 40. Kg1 Qxe3+ 41. Kh1 Qc1+ 42. Kh2 Qxf4+ 43. Kh1 Qc1+ 44. Kh2 Qf4+ 45. Kh1 Qc1+ 1/2-1/2

[Event "Stockholm op"]
[Site "Stockholm"]
[Date "2012.07.03"]
[Round "8"]
[White "Hedin, Gunnar"]
[Black "Bryntze, Stefan"]
[Result "1/2-1/2"]
[WhiteElo "2113"]
[BlackElo "2155"]
[PlyCount "26"]
[EventDate "2012.06.28"]
[EventType "swiss"]
[EventRounds "9"]
[EventCountry "SWE"]
[SourceTitle "CBM 149 Extra"]
[Source "ChessBase"]
[SourceDate "2012.08.24"]
[SourceVersion "1"]
[SourceVersionDate "2012.08.24"]
[SourceQuality "1"]

1. d4 g6 2. c4 Bg7 3. Nc3 c5 4. d5 d6 5. e4 Nf6 6. Bd3 0-0 7. h3 Nbd7 8. Nf3 Ne5 9. Nxe5 dxe5 10. Be3 b6 11. g4 Ne8 12. Qd2 Nd6 13. Bh6 Ba6 1/2-1/2

[Event "Stockholm op"]
[Site "Stockholm"]
[Date "2012.07.01"]
[Round "6"]
[White "Ornstein, Axel"]
[Black "Bryntze, Stefan"]
[Result "1-0"]
[WhiteElo "2392"]
[BlackElo "2155"]
[PlyCount "63"]
[EventDate "2012.06.28"]
[EventType "swiss"]
[EventRounds "9"]
[EventCountry "SWE"]
[SourceTitle "CBM 149 Extra"]
[Source "ChessBase"]
[SourceDate "2012.08.24"]
[SourceVersion "1"]
[SourceVersionDate "2012.08.24"]
[SourceQuality "1"]

1. d4 g6 2. e4 Bg7 3. Nf3 c5 4. d5 d6 5. Nbd2 Nf6 6. Bd3 Nbd7 7. a4 Rb8 8. h3 b6 9. 0-0 Nh5 10. Nc4 a6 11. Re1 0-0 12. c3 Qc7 13. Bg5 Ne5 14. Nfxe5 dxe5 15. Bf1 f6 16. Be3 Rd8 17. b4 Nf4 18. bxc5 bxc5 19. Qc1 g5 20. Qa3 Bd7 21. Bxc5 Bf8 22. Bxe7 Bxh3 23. d6 Qd7 24. gxh3 Rdc8 25. Re3 Bg7 26. a5 g4 27. hxg4 Kh8 28. Nb6 Qxg4+ 29. Rg3 Qe6 30. d7 Rg8 31. Rd1 Nh5 32. Bc4 1-0

[Event "Rilton Cup 41st"]
[Site "Stockholm"]
[Date "2011.12.30"]
[Round "4"]
[White "Kwapinski, Leszek"]
[Black "Bryntze, Stefan"]
[Result "1-0"]
[WhiteElo "2051"]
[BlackElo "2175"]
[PlyCount "47"]
[EventDate "2011.12.27"]
[EventType "swiss"]
[EventRounds "9"]
[EventCountry "SWE"]
[SourceTitle "CBM 146 Extra"]
[Source "ChessBase"]
[SourceDate "2012.02.29"]
[SourceVersion "1"]
[SourceVersionDate "2012.02.29"]
[SourceQuality "1"]

1. e4 e5 2. f4 Bc5 3. Nf3 d6 4. c3 Bg4 5. h3 Bxf3 6. Qxf3 Ne7 7. a4 a5 8. Na3 0-0 9. Nc2 f5 10. d4 fxe4 11. Qxe4 Bb6 12. fxe5 dxe5 13. Bc4+ Kh8 14. Bg5 Qe8 15. 0-0-0 Nf5 16. Bd3 Qg6 17. h4 exd4 18. Rhf1 dxc3 19. Rxf5 cxb2+ 20. Kb1 Re8 21. Qxb7 Qh5 22. Rdf1 Nd7 23. Bb5 Reb8 24. Bxd7 1-0

[Event "Rilton Cup 41st"]
[Site "Stockholm"]
[Date "2011.12.29"]
[Round "3"]
[White "Bryntze, Stefan"]
[Black "Furhoff, Johan"]
[Result "0-1"]
[WhiteElo "2175"]
[BlackElo "2370"]
[PlyCount "78"]
[EventDate "2011.12.27"]
[EventType "swiss"]
[EventRounds "9"]
[EventCountry "SWE"]
[SourceTitle "CBM 146 Extra"]
[Source "ChessBase"]
[SourceDate "2012.02.29"]
[SourceVersion "1"]
[SourceVersionDate "2012.02.29"]
[SourceQuality "1"]

1. f4 e5 2. fxe5 d6 3. Nf3 dxe5 4. e4 Nf6 5. Bc4 Nxe4 6. Qe2 Nd6 7. Qxe5+ Be7 8. Bb3 0-0 9. 0-0 Nc6 10. Qf4 Na5 11. Nc3 Nxb3 12. axb3 Nf5 13. d3 Bd6 14. Qg5 f6 15. Qd2 Bc5+ 16. Kh1 Re8 17. Ne4 Bb6 18. Qc3 Be6 19. Bf4 Bd5 20. Rae1 Qd7 21. Re2 Re7 22. Rfe1 Rae8 23. Qb4 a5 24. Qc3 h5 25. b4 axb4 26. Qxb4 Qc6 27. Bc1 h4 28. Bf4 g5 29. Nxf6+ Qxf6 30. Bxg5 Rxe2 31. Bxf6 Rxe1+ 32. Nxe1 Kf7 33. Bc3 h3 34. d4 Nxd4 35. Nf3 hxg2+ 36. Kxg2 Bxf3+ 37. Kg3 Rg8+ 38. Kh4 Nf5+ 39. Kh3 Bg2# 0-1

[Event "Norrkoeping Easter op"]
[Site "Norrkoeping"]
[Date "2010.04.03"]
[Round "5"]
[White "Zadruzny, Nicolaj"]
[Black "Bryntze, Stefan"]
[Result "1-0"]
[WhiteElo "2230"]
[BlackElo "2073"]
[PlyCount "71"]
[EventDate "2010.04.02"]
[EventType "swiss"]
[EventRounds "8"]
[EventCountry "SWE"]
[SourceTitle "CBM 135 Extra"]
[Source "ChessBase"]
[SourceDate "2010.05.04"]
[SourceVersion "1"]
[SourceVersionDate "2010.05.04"]
[SourceQuality "1"]

1. e4 e5 2. Nf3 Nc6 3. Bc4 Nf6 4. d3 Bc5 5. c3 d6 6. Nbd2 0-0 7. 0-0 a6 8. Bb3 Qe7 9. Nc4 Bg4 10. h3 Bh5 11. Be3 b5 12. Ncd2 Na5 13. Bc2 Bxe3 14. fxe3 c5 15. Qe1 Bg6 16. Nh4 c4 17. d4 d5 18. Nf5 Qc7 19. Qh4 Bxf5 20. Rxf5 exd4 21. exd4 Nxe4 22. Rxd5 Nf6 23. Rf1 Rfd8 24. Rg5 Qd6 25. Rgf5 Nd5 26. Rxf7 Qh6 27. Qxh6 gxh6 28. Bxh7+ Kh8 29. Be4 Rab8 30. Rh7+ Kg8 31. Rff7 Rd6 32. Rhg7+ Kh8 33. Nf3 Nf6 34. Rg6 Nd5 35. Rg3 b4 36. Rh7# 1-0

[Event "SWE-chT 0910"]
[Site "Sweden"]
[Date "2010.02.27"]
[Round "8"]
[White "Bryntze, Stefan"]
[Black "Faellman, Micael"]
[Result "1-0"]
[WhiteElo "2073"]
[BlackElo "2104"]
[PlyCount "75"]
[EventDate "2009.10.16"]
[EventType "team"]
[EventRounds "11"]
[EventCountry "SWE"]
[SourceTitle "EXT 2011"]
[Source "ChessBase"]
[SourceDate "2010.11.26"]
[SourceVersion "1"]
[SourceVersionDate "2010.11.26"]
[SourceQuality "1"]
[WhiteTeam "Stockholm Rockaden"]
[BlackTeam "Upsala"]
[WhiteTeamCountry "SWE"]
[BlackTeamCountry "SWE"]

1. f4 d5 2. e3 Nf6 3. b3 g6 4. Bb2 Bg7 5. Nf3 0-0 6. Be2 c5 7. 0-0 Nc6 8. Bb5 Bg4 9. Bxc6 bxc6 10. d3 a5 11. Nbd2 a4 12. Qe1 Bxf3 13. Nxf3 a3 14. Be5 Nd7 15. Bxg7 Kxg7 16. Qc3+ Kg8 17. Rae1 Qa5 18. Qa1 Qc7 19. Re2 Rad8 20. Qe1 Qd6 21. Qc1 Ra8 22. e4 dxe4 23. dxe4 c4 24. Kh1 Qc5 25. Qe1 cxb3 26. cxb3 Rfd8 27. Ng5 h6 28. Nf3 Nf6 29. e5 Nh7 30. f5 g5 31. f6 exf6 32. exf6 Nxf6 33. Ne5 Qd6 34. Qb1 Ra7 35. Qf5 Kg7 36. Rd2 Qe7 37. Rxd8 Qxd8 38. Nxc6 1-0

[Event "Rilton Cup 39th"]
[Site "Stockholm"]
[Date "2010.01.05"]
[Round "9"]
[White "Bryntze, Stefan"]
[Black "Akesson, Ralf"]
[Result "0-1"]
[WhiteElo "2073"]
[BlackElo "2454"]
[PlyCount "76"]
[EventDate "2009.12.27"]
[EventType "swiss"]
[EventRounds "9"]
[EventCountry "SWE"]
[SourceTitle "CBM 134 Extra"]
[Source "ChessBase"]
[SourceDate "2010.03.03"]
[SourceVersion "1"]
[SourceVersionDate "2010.03.03"]
[SourceQuality "1"]

1. f4 Nf6 2. Nf3 g6 3. b3 Bg7 4. Bb2 0-0 5. e3 b6 6. Be2 Bb7 7. 0-0 c5 8. Qe1 Nc6 9. Qh4 e6 10. Bb5 a6 11. Bxc6 Bxc6 12. d3 Nd5 13. Qxd8 Rfxd8 14. Bxg7 Kxg7 15. Kf2 b5 16. Nbd2 d6 17. g4 a5 18. e4 Nxf4 19. Ke3 Ng2+ 20. Kf2 Nf4 21. Ke3 e5 22. c3 b4 23. Nc4 bxc3 24. g5 Ng2+ 25. Kf2 Nf4 26. Ke3 Bb5 27. Rfc1 a4 28. Nb6 axb3 29. Rxc3 Rxa2 30. Rxa2 bxa2 31. Ra3 Rb8 32. Nd5 Nxd5+ 33. exd5 Bxd3 34. Rxa2 Bc4 35. Rd2 Rb3+ 36. Ke4 Bb5 37. h4 Bd7 38. Nxe5 Rb4+ 0-1

[Event "Rilton Cup 39th"]
[Site "Stockholm"]
[Date "2009.12.31"]
[Round "5"]
[White "Bryntze, Stefan"]
[Black "Svensson, Leif"]
[Result "1-0"]
[WhiteElo "2073"]
[BlackElo "2195"]
[PlyCount "39"]
[EventDate "2009.12.27"]
[EventType "swiss"]
[EventRounds "9"]
[EventCountry "SWE"]
[SourceTitle "CBM 134 Extra"]
[Source "ChessBase"]
[SourceDate "2010.03.03"]
[SourceVersion "1"]
[SourceVersionDate "2010.03.03"]
[SourceQuality "1"]

1. f4 e5 2. fxe5 d6 3. Nf3 dxe5 4. e4 Nf6 5. Bc4 Bc5 6. d3 Bg4 7. Bxf7+ Ke7 8. Bb3 Nc6 9. Nc3 Nd4 10. Bg5 c6 11. Rf1 Rf8 12. Qd2 a5 13. Nxe5 Bh5 14. g4 Bd6 15. gxh5 Bxe5 16. h6 Nxb3 17. axb3 g6 18. 0-0-0 Qb6 19. d4 Rad8 20. Nd5+ 1-0